<?xml version="1.0" encoding="UTF-8"?>
<record
    xmlns:xsi="http://www.w3.org/2001/XMLSchema-instance"
    xsi:schemaLocation="http://www.loc.gov/MARC21/slim http://www.loc.gov/standards/marcxml/schema/MARC21slim.xsd"
    xmlns="http://www.loc.gov/MARC21/slim">

  <leader>01079nam a2200193 a 4500</leader>
  <datafield tag="090" ind1=" " ind2=" ">
    <subfield code="a">IAVH</subfield>
    <subfield code="b">01299 CD-1</subfield>
  </datafield>
  <datafield tag="041" ind1=" " ind2=" ">
    <subfield code="a">spa</subfield>
  </datafield>
  <datafield tag="245" ind1=" " ind2=" ">
    <subfield code="a">Ecosistemas</subfield>
  </datafield>
  <datafield tag="249" ind1=" " ind2=" ">
    <subfield code="a">Informe de actividades de apoyo en los eventos de socializaci&#xF3;n y retroalimentaci&#xF3;n del PAB C&#xF3;rdoba</subfield>
  </datafield>
  <datafield tag="260" ind1=" " ind2=" ">
    <subfield code="a">Monter&#xED;a</subfield>
    <subfield code="b">IAVH</subfield>
    <subfield code="b">CVS</subfield>
    <subfield code="c">2008</subfield>
  </datafield>
  <datafield tag="300" ind1=" " ind2=" ">
    <subfield code="a">1 CD</subfield>
  </datafield>
  <datafield tag="505" ind1=" " ind2=" ">
    <subfield code="a">Bases de datos biodiversidad -- Biodiversidad Unic&#xF3;rdoba -- Caracterizaci&#xF3;n flora y fauna ci&#xE9;naga Ba&#xF1;&#xF3; -- Din&#xE1;mica h&#xED;drica CGA bajo Sin&#xFA; -- Ecoturismo Ba&#xF1;o -- Estudio hidrogeol&#xF3;gico Ayapel -- Mercurio Ci&#xE9;naga de Ayapel -- Ordenamiento zona amortiguadora PNNP -- Plan de manejo PNN Paramillo -- Plan seguimiento monitor ZDERS -- Planes de manejo ci&#xE9;nagas Sin&#xFA;, San Jorge -- PMA ci&#xE9;naga Grande Bajo Sin&#xFA; -- Shapes limites PNNP</subfield>
  </datafield>
  <datafield tag="650" ind1=" " ind2=" ">
    <subfield code="a">Planes de manejo</subfield>
    <subfield code="9">92725</subfield>
  </datafield>
  <datafield tag="650" ind1=" " ind2=" ">
    <subfield code="a">Recursos h&#xED;dricos</subfield>
    <subfield code="9">92528</subfield>
  </datafield>
  <datafield tag="650" ind1=" " ind2=" ">
    <subfield code="a">Ecoturismo</subfield>
    <subfield code="9">92485</subfield>
  </datafield>
  <datafield tag="650" ind1=" " ind2=" ">
    <subfield code="a">Planes de ordenamiento</subfield>
    <subfield code="9">92712</subfield>
  </datafield>
  <datafield tag="662" ind1=" " ind2=" ">
    <subfield code="b">C&#xF3;rdoba</subfield>
  </datafield>
  <datafield tag="773" ind1=" " ind2=" ">
    <subfield code="t">Informe de actividades de apoyo en los eventos de socializaci&#xF3;n y retroalimentaci&#xF3;n del PAB C&#xF3;rdoba</subfield>
  </datafield>
  <datafield tag="999" ind1=" " ind2=" ">
    <subfield code="c">7224</subfield>
    <subfield code="d">7224</subfield>
  </datafield>
</record>
